I left my roots in China (Record no. 1079489)
[ view plain ]
| 000 -LEADER | |
|---|---|
| fixed length control field | 00896nam a2200313Ia 4500 |
| 003 - CONTROL NUMBER IDENTIFIER | |
| control field | OSt |
| 005 - DATE AND TIME OF LATEST TRANSACTION | |
| control field | 20221006144318.0 |
| 008 - FIXED-LENGTH DATA ELEMENTS--GENERAL INFORMATION | |
| fixed length control field | 221006b |||||||| |||| 00| 0 eng d |
| 020 ## - INTERNATIONAL STANDARD BOOK NUMBER | |
| International Standard Book Number | B0000CIIRC |
| 037 ## - SOURCE OF ACQUISITION | |
| Terms of availability | Textual |
| 040 ## - CATALOGING SOURCE | |
| Original cataloging agency | EASL |
| Transcribing agency | EASL |
| Language of cataloging | eng |
| 041 ## - LANGUAGE CODE | |
| Source of code | eng |
| Language code of text/sound track or separate title | eng |
| 100 ## - MAIN ENTRY--PERSONAL NAME | |
| Personal name | LLEWELLYN Bernard |
| 9 (RLIN) | 277216 |
| 245 #0 - TITLE STATEMENT | |
| Title | I left my roots in China |
| 260 ## - PUBLICATION, DISTRIBUTION, ETC. | |
| Place of publication, distribution, etc. | London |
| Name of publisher, distributor, etc. | George Allen & Unwin |
| Date of publication, distribution, etc. | 1953 |
| 300 ## - PHYSICAL DESCRIPTION | |
| Extent | 175p. |
| Dimensions | cm. |
| 490 ## - SERIES STATEMENT | |
| Volume/sequential designation | CEL |
| 650 ## - SUBJECT ADDED ENTRY--TOPICAL TERM | |
| Topical term or geographic name entry element | CEL |
| 650 ## - SUBJECT ADDED ENTRY--TOPICAL TERM | |
| Topical term or geographic name entry element | China - Christmas in Peking |
| 9 (RLIN) | 651574 |
| 650 ## - SUBJECT ADDED ENTRY--TOPICAL TERM | |
| Topical term or geographic name entry element | China - Through Fever Valley to Paoshan |
| 9 (RLIN) | 651575 |
| 650 ## - SUBJECT ADDED ENTRY--TOPICAL TERM | |
| Topical term or geographic name entry element | China - Travel |
| 9 (RLIN) | 651576 |
| 650 ## - SUBJECT ADDED ENTRY--TOPICAL TERM | |
| Topical term or geographic name entry element | China - The Road the People Built |
| 9 (RLIN) | 651577 |
| 942 ## - ADDED ENTRY ELEMENTS (KOHA) | |
| Classification part | U8.41.N3, J3 |
| Koha item type | Textual |
| Source of classification or shelving scheme | Colon Classification (CC) |
| Withdrawn status | Lost status | Source of classification or shelving scheme | Damaged status | Not for loan | Home library | Current library | Date acquired | Cost, normal purchase price | Serial Enumeration / chronology | Total Checkouts | Full call number | Barcode | Date last seen | Cost, replacement price | Price effective from | Koha item type |
|---|---|---|---|---|---|---|---|---|---|---|---|---|---|---|---|---|
| Colon Classification (CC) | Department of East Asian Studies Library | Department of East Asian Studies Library | 2022-10-06 | 15.00 | CEL | U8.41.N3 J3 | EAS005919 | 2022-10-06 | 15.00 | 2022-10-06 | Textual |
